000 00320nam a22001337a 4500
008 181106b xxu||||| |||| 00| 0 eng d
020 _a9780495284864
041 _aeng
080 _27th
_a371
100 _a46
101 _aEDU
245 _aYour College Experience Strategies for Success
_cGardner,
942 _2udc
_cBK
999 _c52028
_d52028